| 000 | 00000nam##2200000za#4500 |
| 001 | 9.569833 |
| 003 | CaOODSP |
| 005 | 20210624181945 |
| 007 | cr ||||||||||| |
| 008 | 150406|2000||||xxc|||||o f|0| 0 eng|d |
| 040 | |aCaOODSP|beng |
| 043 | |an-cn--- |
| 086 | 1 |aNH18-1-2/22-2000E-PDF |
| 110 | 2 |aCanada Mortgage and Housing Corporation. |
| 245 | 10|aHousing transition in single industry 'instant towns' / |h[electronic resource]|cprepared by Greg Halseth and Lana Sullivan. |
| 246 | 1 |aHousing transition single industry "instant towns" |
| 260 | |aOttawa - Ontario : |bCanada Mortgage and Housing Corporation |cMarch 24, 2000. |
| 300 | |a136p.|bgraphs, maps, references, tables |
| 490 | 1 |aResearch report |
| 546 | |a(Résumé en français.) |
| 590 | |a11-25-Supp|b2011-10-31 |
| 720 | 1 |aHalseth, Greg |
| 720 | 1 |aSullivan, Lana |
| 830 | #0|aResearch report (Canada Mortgage and Housing Corporation : Online)|w(CaOODSP)9.506068 |
| 856 | 40|ahttp://publications.gc.ca|qPDF|s1.43 MB|uhttps://publications.gc.ca/collections/collection_2011/schl-cmhc/nh18-1-2/NH18-1-2-22-2000-eng.pdf |